History Quiz

Random History or Year Quiz
Score 0/20 Timer 06:00
2 Plays Today
Event 299-200 BC (B) or 200-299 AD (A) % Correct
Archimedes invents the water screw???
77.6%
Construction of the Lighthouse of Alexandria???
77.1%
Diocletian divides Roman empire into East and West???
75.2%
Last Roman aqueduct constructed (Aqua Alexandrina)???
74.6%
1000th anniversary of the founding of Rome???
74.1%
First and Second Punic Wars???
73.7%
Saint Anthony the Great begins his hermitage in the desert???
71.3%
Eratosthenes estimates the circumference of the Earth???
71%
Hannibal crosses the Alps to invade Italy???
66.6%
Han dynasty in China ends???
64.7%
Event 299-200 BC (B) or 200-299 AD (A) % Correct
Early hot air balloon invented in China???
63.4%
Colossus of Rhodes toppled in an earthquake???
61.4%
Han dynasty of China is founded???
60.3%
Jin dynasty established in China???
58.9%
Construction begins on the initial Great Wall of China???
56.1%
Classic period of Mesoamerican civilization begins???
54.6%
Founding and dissolution of the Qin dynasty in China???
54.4%
First officially documented sighting of Halley's Comet???
53.3%
Gupta empire emerges in India???
53.2%
The Sassanid Empire established in Persia???
47.1%
Remove Ads.
Support Sporcle.
Get the best of Sporcle when you Go Orange. This ad-free experience offers more features, more stats, and more fun while also helping to support Sporcle. Thank you for becoming a member.

You're not logged in!

Compare scores with friends on all Sporcle quizzes.
OR
Log In

Show Comments

Extras

Top Quizzes Today


Score Distribution

Your Account Isn't Verified!

In order to create a playlist on Sporcle, you need to verify the email address you used during registration. Go to your Sporcle Settings to finish the process.

Report this User

Report this user for behavior that violates our Community Guidelines.

Details: